书目信息 |
| 题名: |
读·思·研
|
|
| 作者: | 高莉莉 著 | |
| 分册: | ||
| 出版信息: | 武汉 武汉大学出版社 2006.05 |
|
| 页数: | 349页 | |
| 开本: | 24cm | |
| 丛书名: | 非英语专业研究生英语系列教材 | |
| 单 册: | ||
| 中图分类: | H319.4 | |
| 科图分类: | ||
| 主题词: | 英语--ying yu--阅读教学--高等学校--研究生--教材 | |
| 电子资源: | ||
| ISBN: | 7-307-04724-1 | |
| 000 | 01194nam 2200265 450 | |
| 001 | 012007706543 | |
| 005 | 20070509101838.92 | |
| 010 | @a7-307-04724-1@dCNY30.00 (含光盘) | |
| 100 | @a20070411d2006 km y0chiy0120 ea | |
| 101 | 0 | @achi@aeng |
| 102 | @aCN@b420000 | |
| 105 | @aa z 000yy | |
| 200 | 1 | @a读·思·研@Adu·si·yan@e研究生英语阅读@d= Read·reflect research@egraduate english reading@fEditor-in-Chief Gao Lili@zeng |
| 210 | @a武汉@c武汉大学出版社@d2006.05 | |
| 215 | @a349页@c图@d24cm@e光盘1片 | |
| 225 | 2 | @a非英语专业研究生英语系列教材@Afei ying yu zhuan ye yan jiu sheng ying yu xi lie jiao cai |
| 330 | @a本书为非英语专业研究生的英语教材,共8课。每课由两大部分和练习组成:第一部分为英语阅读技巧和3~5篇短篇阅读练习,旨在通过教学,进一步提高研究生的英语阅读能力;第二部分为两篇选读课文,可作为精读和泛读内容等。 | |
| 410 | 0 | @12001 @a非英语专业研究生英语系列教材 |
| 510 | 1 | @aRead·reflect research@egraduate english reading@zeng |
| 517 | 1 | @a研究生英语阅读@Ayan jiu sheng ying yu yue du |
| 606 | 0 | @a英语@Aying yu@x阅读教学@x高等学校@x研究生@j教材 |
| 690 | @aH319.4@v4 | |
| 701 | 0 | @a高莉莉@Agao li li@4著 |
| 801 | 0 | @aCN@c20070509 |
| 905 | @a10447@dH319.4@eG153 | |
| 读·思·研:研究生英语阅读= Read·reflect research:graduate english reading/Editor-in-Chief Gao Lili.-武汉:武汉大学出版社,2006.05 |
| 349页:图;24cm+光盘1片.-(非英语专业研究生英语系列教材) |
| ISBN 7-307-04724-1:CNY30.00 (含光盘) |
| 本书为非英语专业研究生的英语教材,共8课。每课由两大部分和练习组成:第一部分为英语阅读技巧和3~5篇短篇阅读练习,旨在通过教学,进一步提高研究生的英语阅读能力;第二部分为两篇选读课文,可作为精读和泛读内容等。 |
| ● |
| 相关链接 |
|
|
|
正题名:读·思·研
索取号:H319.4/G153
 
预约/预借
| 序号 | 登录号 | 条形码 | 馆藏地/架位号 | 状态 | 备注 |
| 1 | 240542 | 202405423 | 语言库209/209语言库 15排1列6层/ [索取号:H319.4/G153] | 在馆 | |
| 2 | 240543 | 202405432 | 语言库209/209语言库 15排1列6层/ [索取号:H319.4/G153] | 在馆 | |
| 3 | 240544 | 202405441 | 语言库209/209语言库 15排1列6层/ [索取号:H319.4/G153] | 在馆 |